000 01346nam a2200193 i 4500
001 152290
003 ES-MaACL
005 20230906204627.0
008 931025m18761878sp f |||| | spa d
100 1 _aBofarull, Antoni de (
_d1821-1892)
_929762
245 1 0 _aHistoria crítica (civil y eclesiastica) de Cataluña /
_cpor Antonio Bofarull y Brocá.
260 _aBarcelona :
_bJuan Aleu y Fugarull, Editor,
_c1876-1878.
300 _a9 v. :
_blám. ;
_c30 cm.
505 8 _aContiene : t. I. Epoca primitiva : celtas, griegos, fenicios, y cartagineses ; Dominación romana ; Dominación goda ; - T. II. Dominacion árabe y franca ; Condes feudatarios y en parte independientes ; Condes soberanos de toda la marca ; - T. III-IV. Condes, Reyes de Aragón ; - T. V. Condes, Reyes de Aragón ; Interregno ; Compromiso de Caspe ; Condes, Reyes (línea femenina de Castilla) ; - T. VII-IX. Reyes de España ; - T. VI. Condes, Reyes de Aragon (línea femenina de Castilla
597 1 _aPag.: XXXI, 246 p., [9] h. de lám.; 486 p., [6] h. de lám.; 608 p., [7] h. de lám.; 643 p., [6] h. de lám.; 535 p., [6] h. de lám.; 579 p., [5] h. de lám.; 576 p., [5] h. de lám.; 499 p., [4] h. de lám.; 542, VIII, 8 p., [5] h. de lám.
650 0 4 _aCataluña-
_xHistoria.
_9221839
852 _aES-MaACL
_jC-1637-45
_z-- Enc. hol.
999 _c152290
_d152290